Manchester City - najdroższe transfery - Statystyki

Ogólne statystyki
  • Ten quiz został rozwiązany 426 razy
    235 od ostatniego zresetowania
  • Średni wynik to 16 z 20
Statystyki odpowiedzi
Sezon Kwota Klub sprzedający Narodowość Pozycja Zawodnik % Poprawnych
15/16 76 mln € Wolfsburg Belgia of. pomocnik Kevin De Bruyne
96%
22/23 60 mln € Borussia Dortmund Norwegia ś. napastnik Erling Haaland
95%
21/22 117,50 mln € Aston Villa Anglia/Irlandia l. napastnik Jack Grealish
93%
23/24 90 mln € RB Lipsk Chorwacja l. obrońca Josko Gvardiol
93%
20/21 71,60 mln € Benfica Portugalia ś. obrońca Rúben Dias
93%
19/20 70 mln € Atlético Madryt Hiszpania def. pomocnik Rodri
89%
17/18 50 mln € Monaco Portugalia of. pomocnik Bernardo Silva
87%
18/19 67,80 mln € Leicester City Algieria/Francja p. napastnik Riyad Mahrez
87%
24/25 75 mln € Eintracht Frankfurt Egipt/Kanada ś. napastnik Omar Marmoush
86%
23/24 60 mln € Stade Rennais Belgia/Ghana l. napastnik Jérémy Doku
82%
17/18 52,70 mln € Tottenham Anglia p. obrońca Kyle Walker
81%
17/18 65 mln € Athletic Bilbao Hiszpania/Francja ś. obrońca Aymeric Laporte
77%
19/20 65 mln € Juventus Portugalia p. obrońca João Cancelo
77%
15/16 63,70 mln € Liverpool Anglia/Jamajka l. napastnik Raheem Sterling
76%
16/17 55,60 mln € Everton Anglia ś. obrońca John Stones
74%
16/17 52 mln € Schalke Niemcy/Francja p. napastnik Leroy Sané
69%
25/26 55 mln € AC Milan Holandia ś. pomocnik Tijjani Reijnders
69%
17/18 57,50 mln € Monaco Francja/Senegal l. obrońca Benjamin Mendy
68%
23/24 62 mln € Wolverhampton Portugalia/Brazylia ś. pomocnik Matheus Nunes
53%
24/25 60 mln € Porto Hiszpania ś. pomocnik Nico González
49%
Nie znaleziono quizów pasujących do podanych kryteriów
Rozkład punktacji
Procent ludzi z każdym wynikiem
Percentyl według liczby udzielonych odpowiedzi
Twoja historia wyników
Nie rozwiązałeś tego quizu od ostatniego zresetowania